|
|
|
|
| LEADER |
00000nam a2200000 4500 |
| 001 |
vtls011972496 |
| 003 |
SK-MaSNL |
| 005 |
20260426003658.0 |
| 008 |
200608t1748 xxk| r 000 0 gre |
| 015 |
|
|
|a SNBHFA1748
|
| 040 |
|
|
|a SNKHF
|b slo
|c SNK
|e rda
|
| 041 |
|
|
|a gre
|a lat
|
| 044 |
|
|
|a uk
|c GB
|
| 072 |
|
7 |
|a 101
|x Filozofia
|2 konspekt
|
| 080 |
|
|
|a 101
|2 2011
|
| 100 |
0 |
|
|a Demosthenes,
|d 384 pred Kr.-322 pred Kr.
|4 aut
|9 127315
|
| 245 |
1 |
0 |
|a Demosthenis Selectae Orationes
|b Ad Codices MSS. recensuit, Textum Scholiasten, & Versionem plurimis in locis castigavit, Notis insuper illustravit Ricardus Mounteney, Coll. Regal. apud Cantabrigienses haud ita pridem Socius. Praefiguntur Observationes in Comentarios vulgò Ulpianeos, Et Tabula Antiquae Graeciae Demostheni accommodata
|
| 246 |
3 |
0 |
|a Selectae Orationes
|b Ad Codices MSS. recensuit, Textum Scholiasten, & Versionem plurimis in locis castigavit, Notis insuper illustravit Ricardus Mounteney, Coll. Regal. apud Cantabrigienses haud ita pridem Socius. Praefiguntur Observationes in Comentarios vulgò Ulpianeos, Et Tabula Antiquae Graeciae Demostheni accommodata
|
| 264 |
|
3 |
|a Londini
|b Apud R. Montagu, in vico vulgò dicto Great Wild-street
|c M D C C L X X X I X (1789)
|
| 264 |
|
2 |
|a Etonae
|b Apud Jos. Pote, Bibliopolam
|c MDCCLXXXIX (1789)
|
| 300 |
|
|
|a 47, 364 strán
|c 20 cm
|
| 336 |
|
|
|a text
|b txt
|2 rdacontent
|
| 337 |
|
|
|a bez média
|b n
|2 rdamedia
|
| 338 |
|
|
|a zväzok
|b nc
|2 rdacarier
|
| 500 |
|
|
|a Kustody, koncová vineta, rozkladacia mapka starovekého Grécka
|
| 504 |
|
|
|a Tlačené vysvetlivky a komentáre pod textom
|
| 546 |
|
|
|a Úvod a poznámky v závere knihy v latinskom jazyku
|
| 563 |
|
|
|a Väzba pôvodná pergamenová.
|5 SNK ID 101858
|
| 650 |
0 |
7 |
|a filozofia
|2 SNKPH
|9 793
|
| 700 |
1 |
|
|a Mounteney, Richard,
|d 1707 - 1768
|4 cwt
|9 619623
|
| 700 |
1 |
|
|a Montagu, Etonae
|4 prt
|9 619624
|
| 700 |
1 |
|
|a Pote, Joseph,
|d 1704 - 1787
|4 dst
|9 591598
|
| 710 |
0 |
|
|a Montagu, Etonae (Veľká Británia, Londýn)
|4 prt
|9 619625
|
| 752 |
|
|
|a Veľká Británia
|d Londýn
|
| 852 |
|
|
|a snk
|b Aponiovská knižnica
|p ID 101858
|
| 958 |
|
|
|a DD
|
| 958 |
|
|
|a ONDV
|
| 999 |
|
|
|c 951916
|d 953846
|
| 952 |
|
|
|t Op. I/70
|a SNK
|b SNK
|c SNK_HF
|y PREZ
|7 0
|p 17A1394833
|o snkID 101858
|i snk2020/9801
|8 5
|0 0
|1 0
|4 0
|d 2020-06-08
|l 0
|r 2026-02-24 09:51:51
|w 2026-02-24
|